| 000 | 00590nam a2200205 a 4500 | ||
|---|---|---|---|
| 001 | 5072 | ||
| 003 | CDMR | ||
| 005 | 20131104154524.0 | ||
| 008 | 130130s1959||||||||||||||||||||||||fre|d | ||
| 040 |
_aCDMR _bcat _cCDMR |
||
| 245 | 3 | _aLa presse dans les états autoritaires | |
| 260 |
_aZurich _c1959 _bInstitut International de la Presse |
||
| 300 | _a205 p. | ||
| 490 | 0 |
_aÉtudes de L'I.I.P. _v5 |
|
| 650 | 0 | 4 |
_91582 _aLlibertat d'impremta |
| 650 | 0 | 4 |
_93073 _aLlibertat d'expressió |
| 650 | 0 | 4 |
_94092 _aPremsa _zUnió Soviètica |
| 650 | 0 | 4 |
_94102 _aPremsa _zEuropa de l'est |
| 942 |
_cMON _2udc |
||
| 999 |
_c5072 _d5072 |
||